[Event "Padova op 11th"]
[Site "Padova"]
[Date "2008.12.14"]
[Round "2"]
[White "De Marchi, Alessandro"]
[Black "Castellano, Alfonso"]
[Result "0-1"]
[WhiteElo "1675"]
[BlackElo "1967"]
[PlyCount "50"]
[EventDate "2008.12.13"]
[EventType "swiss"]
[EventRounds "9"]
[EventCountry "ITA"]
[SourceTitle "CBM 127 Extra"]
[Source "ChessBase"]
[SourceDate "2009.01.08"]
[SourceVersion "2"]
[SourceVersionDate "2009.01.28"]
[SourceQuality "1"]

1. e4 c5 2. Nf3 d6 3. d4 cxd4 4. Nxd4 Nf6 5. Nc3 a6 6. Bg5 e6 7. f4 Be7 8. Qf3 Qc7 9. 0-0-0 Nbd7 10. g4 b5 11. Bxf6 Nxf6 12. g5 Nd7 13. Qh5 Nb6 14. Bg2 0-0 15. f5 e5 16. Nb3 b4 17. Nd5 Nxd5 18. Rxd5 Bb7 19. Rd3 Rfc8 20. Na1 Qc4 21. Kb1 Bxe4 22. Bxe4 Qxe4 23. Rf1 Rxc2 24. Nxc2 Qxd3 25. Rd1 Qxf5 0-1

[Event "Padova op 11th"]
[Site "Padova"]
[Date "2008.12.13"]
[Round "1"]
[White "Castellano, Alfonso"]
[Black "Naumkin, Igor"]
[Result "0-1"]
[WhiteElo "1967"]
[BlackElo "2506"]
[PlyCount "44"]
[EventDate "2008.12.13"]
[EventType "swiss"]
[EventRounds "9"]
[EventCountry "ITA"]
[SourceTitle "CBM 127 Extra"]
[Source "ChessBase"]
[SourceDate "2009.01.08"]
[SourceVersion "2"]
[SourceVersionDate "2009.01.28"]
[SourceQuality "1"]

1. c4 e5 2. Nc3 Nf6 3. g3 Bb4 4. Qc2 0-0 5. Bg2 c6 6. Nf3 Re8 7. 0-0 d5 8. d3 h6 9. a3 Bxc3 10. Qxc3 d4 11. Qc2 a5 12. b3 c5 13. Ne1 Nc6 14. Bd2 Bf5 15. e4 dxe3 16. fxe3 Qd7 17. Bc3 Bh3 18. Rd1 Rad8 19. Nf3 Bxg2 20. Qxg2 Ng4 21. Rfe1 e4 22. dxe4 Qxd1 0-1